American Indian sovereignty and the U.S. Supreme Court : the masking of justice /

Bibliographic Details
Main Author: Wilkins, David E. (David Eugene), 1954-
Corporate Author: NetLibrary, Inc
Format: eBook
Language:English
Published: Austin : University of Texas Press, 1997.
Edition:1st University of Texas Press ed.
Subjects:
Online Access:Connect to the full text of this electronic book

MARC

Tag First Indicator Second Indicator Subfields
LEADER 00000cam a2200000La 4500
001 in00001574467
005 20220103181533.0
006 m u
007 cr cn-
008 001009s1997 txu sb 001 0 eng d
010 |z  97001988  
020 |a 0585162182 (electronic bk.) :  |c $24.95 
020 |z 0292791097 (paper : alk. paper) 
020 |z 0292791089 (cloth : alk. paper) 
035 |a (OCoLC)ocm44959653 
040 |a N$T  |c N$T  |d OCL  |d UtOrBLW 
043 |a n-us--- 
049 |a IKMN 
050 1 4 |a KF8205  |b .W527 1997eb 
082 0 4 |a 342.73/0872  |2 21 
100 1 |a Wilkins, David E.  |q (David Eugene),  |d 1954-  |0 http://id.loc.gov/authorities/names/n97001985 
245 1 0 |a American Indian sovereignty and the U.S. Supreme Court :  |b the masking of justice /  |c David E. Wilkins. 
250 |a 1st University of Texas Press ed. 
264 1 |a Austin :  |b University of Texas Press,  |c 1997. 
300 |a xv, 403 pages ;  |c 23 cm. 
336 |a text  |b txt  |2 rdacontent 
337 |a computer  |b c  |2 rdamedia 
338 |a online resource  |b cr  |2 rdacarrier 
504 |a Includes bibliographical references (pages [379]-389) and index. 
533 |a Electronic reproduction.  |b Boulder, Colo. :  |c NetLibrary,  |d 2000.  |n Available via the World Wide Web.  |n Available in multiple electronic file formats.  |n Access may be limited to NetLibrary affiliated libraries. 
500 |a Electronic resource. 
650 0 |a Indians of North America  |x Legal status, laws, etc.  |0 http://id.loc.gov/authorities/subjects/sh85065315 
610 1 0 |a United States.  |b Supreme Court.  |0 http://id.loc.gov/authorities/names/n79006848 
650 0 |a Justice, Administration of  |z United States.  |0 http://id.loc.gov/authorities/subjects/sh2008122526 
655 7 |a Electronic books.  |2 local 
710 2 |a NetLibrary, Inc.  |0 http://id.loc.gov/authorities/names/no99080690 
776 1 |c Original  |w (DLC) 97001988  |w (OCoLC)36207569 
856 4 1 |u https://proxy.library.tamu.edu/login?url=http://www.netLibrary.com/urlapi.asp?action=summary&v=1&bookid=33663  |z Connect to the full text of this electronic book  |t 0 
994 |a 92  |b IKM 
999 |a MARS 
999 f f |s 50db2f15-e119-3811-a9a2-67b20eca8262  |i 75a2fe92-e893-38b7-9cc3-ad7c3970e6f6  |t 0 
952 f f |a Texas A&M University  |b College Station  |c Electronic Resources  |d Available Online  |t 0  |e KF8205 .W527 1997eb  |h Library of Congress classification 
998 f f |a KF8205 .W527 1997eb  |t 0  |l Available Online